00578nam a2200157Ia 4500008004100000082001700041100002000058245004800078260006100126300001200187650005000199690001500249906001000264999001700274952012900291210210b19713 xxu||||| |||| 00| 0 eng d a621.381 ALLE aALLISON (John). aElectronic engineering materials & devices. aBombay.bTata McGraw-Hill Publishing Company Ltd.c19713 axii,302 aElectronics Engineering Materials Devices  aElectronic a03282 c84020d84020 001040708ElectronicsaALbALcElectronicsd2021-02-17g0.00l0o621.381 ALLEp032821r2021-02-17 00:00:00w2021-02-17yBK